[Event "DEM U10 2025"]
[Site "Willingen GER"]
[Date "2025.06.11"]
[Round "5"]
[White "Tomovski, Leon"]
[Black "Schmidt, Alexander Nadvid"]
[Result "1-0"]
[Termination "normal"]
[Board "19"]
[WhiteElo "1540"]
[BlackElo "1565"]
[WhiteClock "01:24:59"]
[BlackClock "01:24:07"]
[PlyCount "103"]
[WhiteFideId "34691790"]
[BlackFideId "34661360"]
[EventCountry "GER"]
[EventRounds "9"]
[EventType "swiss"]
[EventDate "2025.06.07"]

1. e4 {[%clk 01:30:59]} e5 {[%clk 01:30:22]} {[%emt 00:00:38]} 2. Nf3 {[%clk
01:31:17]} {[%emt 00:00:13]} Nc6 {[%clk 01:30:44]} {[%emt 00:00:08]} 3. Bc4
{[%clk 01:31:39]} {[%emt 00:00:08]} Bc5 {[%clk 01:31:09]} {[%emt 00:00:06]} 4.
c3 {[%clk 01:31:56]} {[%emt 00:00:12]} Nf6 {[%clk 01:31:31]} {[%emt 00:00:08]}
5. d4 {[%clk 01:32:19]} {[%emt 00:00:07]} exd4 {[%clk 01:31:56]} {[%emt
00:00:05]} 6. e5 {[%clk 01:32:48]} {[%emt 00:00:01]} d5 {[%clk 01:32:18]}
{[%emt 00:00:08]} 7. Bb5 {[%clk 01:33:13]} {[%emt 00:00:04]} Ne4 {[%clk
01:32:44]} {[%emt 00:00:04]} 8. cxd4 {[%clk 01:33:28]} {[%emt 00:00:15]} Bb6
{[%clk 01:33:08]} {[%emt 00:00:06]} 9. Be3 {[%clk 01:33:32]} {[%emt 00:00:26]}
O-O {[%clk 01:33:25]} {[%emt 00:00:13]} 10. Nc3 {[%clk 01:33:57]} {[%emt
00:00:04]} f5 {[%clk 01:33:50]} {[%emt 00:00:05]} 11. Qb3 {[%clk 01:26:47]}
{[%emt 00:07:39]} Be6 {[%clk 01:33:56]} {[%emt 00:00:24]} 12. a4 {[%clk
01:26:23]} {[%emt 00:00:55]} f4 {[%clk 01:26:33]} {[%emt 00:07:54]} 13. Bxc6
{[%clk 01:25:07]} {[%emt 00:01:46]} bxc6 {[%clk 01:24:30]} {[%emt 00:02:31]}
14. Nxe4 {[%clk 01:25:03]} {[%emt 00:00:35]} fxe3 {[%clk 01:23:10]} {[%emt
00:01:50]} 15. a5 {[%clk 01:25:08]} {[%emt 00:00:24]} exf2+ {[%clk 01:21:37]}
{[%emt 00:02:04]} 16. Nxf2 {[%clk 01:24:53]} {[%emt 00:00:44]} Rxf3 {[%clk
01:21:48]} {[%emt 00:00:20]} 17. Qxf3 {[%clk 01:25:06]} {[%emt 00:00:18]} Bxd4
{[%clk 01:22:08]} {[%emt 00:00:10]} 18. Qe2 {[%clk 01:24:19]} {[%emt 00:01:16]}
Rb8 {[%clk 01:21:59]} {[%emt 00:00:39]} 19. Nd3 {[%clk 01:21:59]} {[%emt
00:02:51]} Bf5 {[%clk 01:21:45]} {[%emt 00:00:44]} 20. Rb1 {[%clk 01:21:53]}
{[%emt 00:00:37]} Qh4+ {[%clk 01:21:57]} {[%emt 00:00:18]} 21. g3 {[%clk
01:21:44]} {[%emt 00:00:38]} Qe4 {[%clk 01:22:18]} {[%emt 00:00:08]} 22. Kd2
{[%clk 01:20:36]} {[%emt 00:01:38]} Rb3 {[%clk 01:21:06]} {[%emt 00:01:41]} 23.
Qxe4 {[%clk 01:18:57]} {[%emt 00:02:10]} Bxe4 {[%clk 01:21:25]} {[%emt
00:00:10]} 24. Nc1 {[%clk 01:19:07]} {[%emt 00:00:20]} Be3+ {[%clk 01:20:55]}
{[%emt 00:01:01]} 25. Ke2 {[%clk 01:19:14]} {[%emt 00:00:23]} Bxc1 {[%clk
01:20:37]} {[%emt 00:00:48]} 26. Rhxc1 {[%clk 01:19:29]} {[%emt 00:00:15]} Bxb1
{[%clk 01:20:59]} {[%emt 00:00:09]} 27. Rxb1 {[%clk 01:19:52]} {[%emt
00:00:07]} Rb4 {[%clk 01:21:20]} {[%emt 00:00:08]} 28. Kd2 {[%clk 01:20:04]}
{[%emt 00:00:18]} Re4 {[%clk 01:21:09]} {[%emt 00:00:42]} 29. Rc1 {[%clk
01:20:13]} {[%emt 00:00:22]} Rxe5 {[%clk 01:19:10]} {[%emt 00:02:28]} 30. Rxc6
{[%clk 01:20:32]} {[%emt 00:00:11]} Re7 {[%clk 01:19:08]} {[%emt 00:00:32]} 31.
Rc5 {[%clk 01:20:54]} {[%emt 00:00:08]} Rd7 {[%clk 01:19:27]} {[%emt 00:00:11]}
32. Kd3 {[%clk 01:21:20]} {[%emt 00:00:05]} Kf7 {[%clk 01:19:07]} {[%emt
00:00:50]} 33. Kd4 {[%clk 01:21:19]} {[%emt 00:00:24]} Ke6 {[%clk 01:19:03]}
{[%emt 00:00:41]} 34. h3 {[%clk 01:21:31]} {[%emt 00:00:17]} Kd6 {[%clk
01:19:13]} {[%emt 00:00:08]} 35. Rxd5+ {[%clk 01:21:57]} {[%emt 00:00:16]} Kc6
{[%clk 01:19:13]} {[%emt 00:00:30]} 36. Rxd7 {[%clk 01:22:19]} {[%emt
00:00:08]} Kxd7 {[%clk 01:19:38]} {[%emt 00:00:06]} 37. Kc5 {[%clk 01:22:40]}
{[%emt 00:00:08]} c6 {[%clk 01:19:46]} {[%emt 00:00:22]} 38. b4 {[%clk
01:23:06]} {[%emt 00:00:04]} Kc7 {[%clk 01:19:35]} {[%emt 00:00:40]} 39. g4
{[%clk 01:22:58]} {[%emt 00:00:39]} g5 {[%clk 01:19:53]} {[%emt 00:00:13]} 40.
Kd4 {[%clk 01:22:53]} {[%emt 00:00:31]} Kd6 {[%clk 01:19:49]} {[%emt 00:00:36]}
41. Kc4 {[%clk 01:23:02]} {[%emt 00:00:23]} a6 {[%clk 01:20:12]} {[%emt
00:00:06]} 42. Kd4 {[%clk 01:23:13]} {[%emt 00:00:20]} h6 {[%clk 01:20:35]}
{[%emt 00:00:06]} 43. Kc4 {[%clk 01:22:31]} {[%emt 00:01:12]} Ke5 {[%clk
01:20:48]} {[%emt 00:00:17]} 44. Kc5 {[%clk 01:22:53]} {[%emt 00:00:08]} Kf4
{[%clk 01:21:13]} {[%emt 00:00:05]} 45. Kb6 {[%clk 01:23:14]} {[%emt 00:00:10]}
Kg3 {[%clk 01:21:37]} {[%emt 00:00:05]} 46. Kxa6 {[%clk 01:23:36]} {[%emt
00:00:07]} Kxh3 {[%clk 01:22:00]} {[%emt 00:00:08]} 47. Kb6 {[%clk 01:23:56]}
{[%emt 00:00:10]} h5 {[%clk 01:22:25]} {[%emt 00:00:05]} 48. gxh5 {[%clk
01:24:07]} {[%emt 00:00:19]} g4 {[%clk 01:22:48]} {[%emt 00:00:07]} 49. h6
{[%clk 01:24:12]} {[%emt 00:00:24]} g3 {[%clk 01:23:15]} {[%emt 00:00:04]} 50.
h7 {[%clk 01:24:38]} {[%emt 00:00:05]} g2 {[%clk 01:23:42]} {[%emt 00:00:03]}
51. h8=Q+ {[%clk 01:24:59]} {[%emt 00:00:08]} Kg3 {[%clk 01:24:07]} {[%emt
00:00:06]} 52. Qg7+ {[%emt 00:00:23]} 1-0

[Event "DEM U10 2025"]
[Site "Willingen GER"]
[Date "2025.06.11"]
[Round "5"]
[White "Nabe, Sebastian"]
[Black "Hornych, Fridtjof"]
[Result "1/2-1/2"]
[Termination "normal"]
[Board "20"]
[WhiteElo "1467"]
[BlackElo "1385"]
[WhiteClock "00:35:53"]
[BlackClock "00:43:28"]
[PlyCount "96"]
[WhiteFideId "533011079"]
[BlackFideId "533043507"]
[EventCountry "GER"]
[EventRounds "9"]
[EventType "swiss"]
[EventDate "2025.06.07"]

1. e4 {[%clk 01:30:56]} {[%emt 00:00:04]} c6 {[%clk 01:30:48]} {[%emt
00:00:12]} 2. d4 {[%clk 01:31:06]} {[%emt 00:00:20]} d5 {[%clk 01:31:01]}
{[%emt 00:00:16]} 3. exd5 {[%clk 01:30:59]} {[%emt 00:00:38]} cxd5 {[%clk
01:31:15]} {[%emt 00:00:16]} 4. Bd3 {[%clk 01:30:10]} {[%emt 00:01:19]} Nf6
{[%clk 01:30:46]} {[%emt 00:00:59]} 5. c3 {[%clk 01:28:44]} {[%emt 00:01:56]}
Bg4 {[%clk 01:30:49]} {[%emt 00:00:26]} 6. Qb3 {[%clk 01:28:10]} {[%emt
00:01:04]} Qc7 {[%clk 01:29:42]} {[%emt 00:01:37]} 7. Ne2 {[%clk 01:24:14]}
{[%emt 00:04:27]} e6 {[%clk 01:29:11]} {[%emt 00:01:02]} 8. Bf4 {[%clk
01:22:54]} {[%emt 00:01:49]} Qb6 {[%clk 01:25:36]} {[%emt 00:04:05]} 9. Qxb6
{[%clk 01:20:13]} {[%emt 00:03:12]} axb6 {[%clk 01:25:47]} {[%emt 00:00:20]}
10. Nd2 {[%clk 01:18:38]} {[%emt 00:02:04]} Be7 {[%clk 01:25:11]} {[%emt
00:01:06]} 11. h3 {[%clk 01:14:42]} {[%emt 00:04:26]} Bxe2 {[%clk 01:24:04]}
{[%emt 00:01:36]} 12. Kxe2 {[%clk 01:14:05]} {[%emt 00:01:07]} O-O {[%clk
01:23:44]} {[%emt 00:00:50]} 13. Nf3 {[%clk 01:10:09]} {[%emt 00:04:27]} Nc6
{[%clk 01:22:12]} {[%emt 00:01:58]} 14. Ne5 {[%clk 01:07:07]} {[%emt 00:03:35]}
Bd6 {[%clk 01:16:45]} {[%emt 00:05:57]} 15. Ng6 {[%clk 01:05:06]} {[%emt
00:02:30]} Bxf4 {[%clk 01:16:54]} {[%emt 00:00:21]} 16. Nxf4 {[%clk 01:05:26]}
{[%emt 00:00:10]} Rfe8 {[%clk 01:16:45]} {[%emt 00:00:40]} 17. Kd2 {[%clk
01:02:38]} {[%emt 00:03:14]} e5 {[%clk 01:12:57]} {[%emt 00:04:22]} 18. dxe5
{[%clk 01:02:20]} {[%emt 00:00:47]} Rxe5 {[%clk 01:10:52]} {[%emt 00:02:35]}
19. Rhe1 {[%clk 00:59:45]} {[%emt 00:03:03]} Rxe1 {[%clk 01:10:04]} {[%emt
00:01:19]} 20. Kxe1 {[%clk 00:59:00]} {[%emt 00:01:14]} Re8+ {[%clk 01:09:05]}
{[%emt 00:01:31]} 21. Kd2 {[%clk 00:57:36]} {[%emt 00:01:47]} Ne4+ {[%clk
01:07:34]} {[%emt 00:02:07]} 22. Bxe4 {[%clk 00:55:02]} {[%emt 00:03:05]} dxe4
{[%emt 00:03:47]} 23. Ke3 {[%clk 00:51:25]} {[%emt 00:01:25]} f5 {[%clk
01:03:45]} {[%emt 00:03:43]} 24. Nd5 {[%clk 00:50:13]} {[%emt 00:01:42]} b5
{[%clk 01:02:35]} {[%emt 00:01:40]} 25. Rd1 {[%clk 00:48:05]} {[%emt 00:02:34]}
Kf7 {[%clk 00:58:49]} {[%emt 00:04:20]} 26. Nc7 {[%clk 00:45:49]} {[%emt
00:02:47]} Re5 {[%clk 00:58:31]} {[%emt 00:00:43]} 27. Rd5 {[%clk 00:45:10]}
{[%emt 00:01:11]} Rxd5 {[%clk 00:58:27]} {[%emt 00:00:36]} 28. Nxd5 {[%clk
00:44:55]} {[%emt 00:00:45]} g6 {[%clk 00:58:06]} {[%emt 00:00:48]} 29. b4
{[%clk 00:42:50]} {[%emt 00:02:37]} Ke6 {[%clk 00:56:20]} {[%emt 00:02:16]} 30.
Nc7+ {[%clk 00:42:52]} {[%emt 00:00:28]} Ke5 {[%clk 00:56:14]} {[%emt
00:00:35]} 31. Nxb5 {[%clk 00:42:58]} {[%emt 00:00:26]} Kd5 {[%clk 00:55:55]}
{[%emt 00:00:46]} 32. Na3 {[%clk 00:42:50]} {[%emt 00:00:38]} Ne5 {[%clk
00:54:10]} {[%emt 00:02:18]} 33. Kd2 {[%clk 00:39:07]} {[%emt 00:04:12]} g5
{[%clk 00:51:26]} {[%emt 00:03:15]} 34. Nc2 {[%clk 00:37:34]} {[%emt 00:02:04]}
Nd3 {[%clk 00:49:58]} {[%emt 00:01:59]} 35. Ne3+ {[%clk 00:36:59]} {[%emt
00:01:04]} Ke5 {[%clk 00:49:19]} {[%emt 00:01:04]} 36. Nc4+ {[%clk 00:36:49]}
{[%emt 00:00:41]} Kd5 {[%clk 00:48:30]} {[%emt 00:01:22]} 37. Na5 {[%clk
00:37:13]} {[%emt 00:00:08]} b6 {[%clk 00:47:42]} {[%emt 00:01:19]} 38. Nb3
{[%clk 00:36:09]} {[%emt 00:01:34]} Nxf2 {[%clk 00:47:36]} {[%emt 00:00:34]}
39. a4 {[%clk 00:34:45]} {[%emt 00:01:55]} Nd3 {[%clk 00:44:36]} {[%emt
00:03:28]} 40. a5 {[%clk 00:34:47]} {[%emt 00:00:30]} bxa5 {[%clk 00:43:31]}
{[%emt 00:01:35]} 41. bxa5 {[%clk 00:35:01]} {[%emt 00:00:17]} Nc5 {[%clk
00:42:49]} {[%emt 00:01:12]} 42. Nxc5 {[%clk 00:34:37]} {[%emt 00:00:55]} Kxc5
{[%clk 00:43:09]} {[%emt 00:00:09]} 43. a6 {[%clk 00:35:02]} {[%emt 00:00:05]}
Kb6 {[%clk 00:43:20]} {[%emt 00:00:19]} 44. a7 {[%clk 00:35:09]} {[%emt
00:00:24]} Kxa7 {[%clk 00:43:39]} {[%emt 00:00:11]} 45. Ke3 {[%clk 00:35:33]}
{[%emt 00:00:04]} Kb6 {[%clk 00:43:37]} {[%emt 00:00:33]} 46. g4 {[%clk
00:35:40]} {[%emt 00:00:21]} f4+ {[%clk 00:43:19]} {[%emt 00:00:50]} 47. Kxe4
{[%clk 00:36:03]} {[%emt 00:00:07]} Kc5 {[%clk 00:43:30]} {[%emt 00:00:19]} 48.
Kf3 {[%clk 00:35:53]} {[%emt 00:00:39]} Kc4 {[%clk 00:43:28]} {[%emt 00:00:33]}
1/2-1/2

[Event "DEM U10 2025"]
[Site "Willingen GER"]
[Date "2025.06.11"]
[Round "5"]
[White "Laß, Matteo"]
[Black "Bentele, Otto"]
[Result "0-1"]
[Termination "normal"]
[Board "21"]
[WhiteElo "1277"]
[BlackElo "1510"]
[WhiteClock "01:12:08"]
[BlackClock "01:15:35"]
[PlyCount "98"]
[WhiteFideId "533019940"]
[BlackFideId "34653643"]
[EventCountry "GER"]
[EventRounds "9"]
[EventType "swiss"]
[EventDate "2025.06.07"]

1. e4 {[%clk 01:30:55]} {[%emt 00:00:03]} e5 {[%clk 01:30:34]} {[%emt
00:00:27]} 2. Nf3 {[%clk 01:31:00]} {[%emt 00:00:24]} Nc6 {[%clk 01:30:51]}
{[%emt 00:00:14]} 3. Bc4 {[%clk 01:31:00]} {[%emt 00:00:31]} Bc5 {[%clk
01:30:48]} {[%emt 00:00:33]} 4. Nc3 {[%clk 01:30:36]} {[%emt 00:00:53]} Nf6
{[%clk 01:29:34]} {[%emt 00:01:44]} 5. d3 {[%clk 01:29:33]} {[%emt 00:01:33]}
h6 {[%clk 01:29:54]} {[%emt 00:00:12]} 6. a4 {[%clk 01:28:52]} {[%emt
00:01:10]} d6 {[%clk 01:29:10]} {[%emt 00:01:14]} 7. h3 {[%clk 01:28:07]}
{[%emt 00:01:15]} O-O {[%clk 01:28:46]} {[%emt 00:00:54]} 8. O-O {[%clk
01:26:50]} {[%emt 00:01:46]} Be6 {[%clk 01:27:41]} {[%emt 00:01:35]} 9. Nd5
{[%clk 01:25:38]} {[%emt 00:01:43]} Bxd5 {[%clk 01:25:08]} {[%emt 00:03:03]}
10. Bxd5 {[%clk 01:25:22]} {[%emt 00:00:45]} Nxd5 {[%clk 01:24:32]} {[%emt
00:01:07]} 11. exd5 {[%clk 01:25:10]} {[%emt 00:00:42]} Ne7 {[%clk 01:24:32]}
{[%emt 00:00:30]} 12. c4 {[%clk 01:23:44]} {[%emt 00:01:56]} c6 {[%clk
01:24:27]} {[%emt 00:00:36]} 13. dxc6 {[%clk 01:21:19]} {[%emt 00:02:54]} Nxc6
{[%clk 01:21:14]} {[%emt 00:03:43]} 14. Be3 {[%clk 01:20:51]} {[%emt 00:00:57]}
Qb6 {[%clk 01:20:37]} {[%emt 00:01:04]} 15. Bxc5 {[%clk 01:20:33]} {[%emt
00:00:52]} Qxc5 {[%clk 01:20:58]} {[%emt 00:00:08]} 16. Qd2 {[%clk 01:17:51]}
{[%emt 00:03:13]} Nd4 {[%clk 01:20:26]} {[%emt 00:01:02]} 17. Nxd4 {[%clk
01:17:08]} {[%emt 00:01:12]} Qxd4 {[%clk 01:20:40]} {[%emt 00:00:15]} 18. Rfe1
{[%clk 01:17:07]} {[%emt 00:00:33]} Rfc8 {[%clk 01:20:01]} {[%emt 00:01:10]}
19. b4 {[%clk 01:16:31]} {[%emt 00:01:06]} Rxc4 {[%clk 01:18:22]} {[%emt
00:02:09]} 20. Rab1 {[%clk 01:14:33]} {[%emt 00:02:29]} Qc3 {[%clk 01:18:16]}
{[%emt 00:00:36]} 21. Qxc3 {[%clk 01:13:55]} {[%emt 00:01:07]} Rxc3 {[%clk
01:18:21]} {[%emt 00:00:25]} 22. Re3 {[%clk 01:14:11]} {[%emt 00:00:14]} Rac8
{[%clk 01:18:31]} {[%emt 00:00:20]} 23. Kf1 {[%clk 01:12:40]} {[%emt 00:02:01]}
Rc2 {[%clk 01:18:19]} {[%emt 00:00:43]} 24. g4 {[%clk 01:12:12]} {[%emt
00:00:58]} Ra2 {[%clk 01:17:59]} {[%emt 00:00:51]} 25. a5 {[%clk 01:12:11]}
{[%emt 00:00:31]} Rcc2 {[%clk 01:17:26]} {[%emt 00:01:00]} 26. Rf3 {[%clk
01:12:07]} {[%emt 00:00:36]} Rcb2 {[%clk 01:17:12]} {[%emt 00:00:44]} 27. Rc1
{[%clk 01:11:06]} {[%emt 00:01:31]} Rc2 {[%clk 01:17:25]} {[%emt 00:00:17]} 28.
Re1 {[%clk 01:11:06]} {[%emt 00:00:30]} f6 {[%clk 01:17:25]} {[%emt 00:00:30]}
29. Kg2 {[%clk 01:09:51]} {[%emt 00:01:44]} Rab2 {[%clk 01:17:41]} {[%emt
00:00:15]} 30. Re4 {[%clk 01:09:48]} {[%emt 00:00:33]} d5 {[%clk 01:16:50]}
{[%emt 00:01:20]} 31. Re1 {[%clk 01:09:46]} {[%emt 00:00:32]} Rxb4 {[%clk
01:16:37]} {[%emt 00:00:43]} 32. Kg3 {[%clk 01:09:20]} {[%emt 00:00:56]} Ra4
{[%clk 01:16:47]} {[%emt 00:00:20]} 33. Rb1 {[%clk 01:09:35]} {[%emt 00:00:15]}
Rc7 {[%clk 01:16:25]} {[%emt 00:00:53]} 34. Rb5 {[%clk 01:09:32]} {[%emt
00:00:32]} d4 {[%clk 01:16:30]} {[%emt 00:00:16]} 35. Kh2 {[%clk 01:09:22]}
{[%emt 00:00:49]} a6 {[%clk 01:16:36]} {[%emt 00:00:18]} 36. Rd5 {[%clk
01:09:43]} {[%emt 00:00:15]} Ra3 {[%clk 01:16:28]} {[%emt 00:00:39]} 37. Kg1
{[%clk 01:09:16]} {[%emt 00:00:56]} Kf7 {[%clk 01:16:35]} {[%emt 00:00:23]} 38.
Kf1 {[%clk 01:09:10]} {[%emt 00:00:37]} Ke6 {[%clk 01:16:05]} {[%emt 00:01:00]}
39. Rd8 {[%clk 01:09:29]} {[%emt 00:00:10]} Rxa5 {[%clk 01:14:32]} {[%emt
00:02:02]} 40. h4 {[%clk 01:09:39]} {[%emt 00:00:19]} Rd5 {[%clk 01:14:27]}
{[%emt 00:00:37]} 41. Rxd5 {[%clk 01:09:51]} {[%emt 00:00:19]} Kxd5 {[%clk
01:14:40]} {[%emt 00:00:16]} 42. Ke2 {[%clk 01:10:17]} {[%emt 00:00:04]} b5
{[%clk 01:14:48]} {[%emt 00:00:22]} 43. Rg3 {[%clk 01:10:34]} {[%emt 00:00:12]}
a5 {[%clk 01:15:02]} {[%emt 00:00:17]} 44. Rg1 {[%clk 01:10:48]} {[%emt
00:00:15]} Rc2+ {[%clk 01:14:54]} {[%emt 00:00:38]} 45. Kf3 {[%clk 01:11:01]}
{[%emt 00:00:17]} a4 {[%clk 01:15:12]} {[%emt 00:00:14]} 46. Rb1 {[%emt
00:00:46]} Kc5 {[%clk 01:15:08]} {[%emt 00:00:03]} 47. h5 {[%clk 01:11:30]}
{[%emt 00:00:15]} b4 {[%clk 01:15:30]} {[%emt 00:00:08]} 48. Kg3 {[%clk
01:11:53]} {[%emt 00:00:07]} a3 {[%clk 01:15:51]} {[%emt 00:00:09]} 49. f3
{[%clk 01:12:08]} {[%emt 00:00:14]} a2 {[%clk 01:15:35]} {[%emt 00:00:46]} 0-1

[Event "DEM U10 2025"]
[Site "Willingen GER"]
[Date "2025.06.11"]
[Round "5"]
[White "Gheng, Hannes Lucas"]
[Black "Chanishvili, Noa"]
[Result "0-1"]
[Termination "normal"]
[Board "22"]
[WhiteElo "1483"]
[BlackElo "1552"]
[WhiteClock "00:54:16"]
[BlackClock "01:10:23"]
[PlyCount "42"]
[WhiteFideId "34606890"]
[BlackFideId "34698264"]
[EventCountry "GER"]
[EventRounds "9"]
[EventType "swiss"]
[EventDate "2025.06.07"]

1. e4 {[%clk 01:30:57]} {[%emt 00:00:02]} c6 {[%clk 01:30:43]} {[%emt
00:00:18]} 2. d4 {[%clk 01:30:38]} {[%emt 00:00:49]} d5 {[%clk 01:31:00]}
{[%emt 00:00:12]} 3. exd5 {[%clk 01:30:47]} {[%emt 00:00:22]} cxd5 {[%clk
01:31:17]} {[%emt 00:00:13]} 4. c4 {[%clk 01:31:10]} {[%emt 00:00:07]} Nf6
{[%clk 01:27:35]} {[%emt 00:04:12]} 5. Nc3 {[%clk 01:31:24]} {[%emt 00:00:16]}
Nc6 {[%emt 00:02:32]} 6. Nf3 {[%clk 01:31:00]} {[%emt 00:00:37]} Bg4 {[%clk
01:23:36]} {[%emt 00:02:43]} 7. Be2 {[%clk 01:22:53]} {[%emt 00:08:38]} dxc4
{[%clk 01:20:59]} {[%emt 00:03:07]} 8. d5 {[%clk 01:23:02]} {[%emt 00:00:21]}
Nb8 {[%clk 01:17:25]} {[%emt 00:04:03]} 9. Bxc4 {[%clk 01:22:59]} {[%emt
00:00:32]} g6 {[%clk 01:15:01]} {[%emt 00:02:54]} 10. Qa4+ {[%clk 01:17:08]}
{[%emt 00:06:21]} Nbd7 {[%clk 01:12:56]} {[%emt 00:02:36]} 11. Ne5 {[%clk
01:15:49]} {[%emt 00:01:49]} Bf5 {[%clk 01:10:41]} {[%emt 00:02:44]} 12. Bg5
{[%clk 01:10:14]} {[%emt 00:06:05]} Bg7 {[%clk 01:09:23]} {[%emt 00:01:47]} 13.
Bxf6 {[%clk 01:10:30]} {[%emt 00:00:13]} Bxf6 {[%clk 01:09:41]} {[%emt
00:00:13]} 14. Nc6 {[%emt 00:15:15]} Bxc3+ {[%clk 01:08:51]} {[%emt 00:01:18]}
15. bxc3 {[%clk 00:56:06]} {[%emt 00:00:11]} bxc6 {[%clk 01:08:52]} {[%emt
00:00:29]} 16. dxc6 {[%clk 00:56:25]} {[%emt 00:00:11]} Nb6 {[%clk 01:09:01]}
{[%emt 00:00:20]} 17. c7+ {[%clk 00:54:21]} {[%emt 00:02:34]} Nxa4 {[%clk
01:09:14]} {[%emt 00:00:17]} 18. cxd8=Q+ {[%emt 00:00:20]} Rxd8 {[%clk
01:09:19]} {[%emt 00:00:20]} 19. Bb5+ {[%clk 00:54:45]} {[%emt 00:00:22]} Bd7
{[%clk 01:09:44]} {[%emt 00:00:04]} 20. Bxd7+ {[%clk 00:54:21]} {[%emt
00:00:54]} Rxd7 {[%clk 01:10:05]} {[%emt 00:00:08]} 21. O-O {[%clk 00:54:16]}
{[%emt 00:00:36]} O-O {[%clk 01:10:23]} {[%emt 00:00:12]} 0-1

[Event "DEM U10 2025"]
[Site "Willingen GER"]
[Date "2025.06.11"]
[Round "5"]
[White "Al Luwaisi, Taim"]
[Black "Hübner, Jakob"]
[Result "1-0"]
[Termination "normal"]
[Board "23"]
[WhiteElo "1694"]
[BlackElo "1314"]
[WhiteClock "01:14:40"]
[BlackClock "01:24:56"]
[PlyCount "56"]
[WhiteFideId "34645896"]
[BlackFideId "34684107"]
[EventCountry "GER"]
[EventRounds "9"]
[EventType "swiss"]
[EventDate "2025.06.07"]

1. e4 {[%clk 01:30:59]} c5 {[%clk 01:30:57]} {[%emt 00:00:04]} 2. Nf3 {[%clk
01:31:23]} {[%emt 00:00:05]} e6 {[%clk 01:31:21]} {[%emt 00:00:06]} 3. Be2
{[%clk 01:31:49]} {[%emt 00:00:04]} Nc6 {[%clk 01:31:39]} {[%emt 00:00:12]} 4.
c3 {[%clk 01:31:55]} {[%emt 00:00:25]} Nf6 {[%clk 01:31:00]} {[%emt 00:01:09]}
5. Qc2 {[%clk 01:32:12]} {[%emt 00:00:13]} d5 {[%clk 01:30:49]} {[%emt
00:00:41]} 6. exd5 {[%clk 01:32:18]} {[%emt 00:00:24]} Nxd5 {[%clk 01:31:01]}
{[%emt 00:00:17]} 7. O-O {[%clk 01:32:23]} {[%emt 00:00:25]} Be7 {[%clk
01:30:18]} {[%emt 00:01:14]} 8. d4 {[%clk 01:32:41]} {[%emt 00:00:12]} cxd4
{[%clk 01:30:39]} {[%emt 00:00:09]} 9. cxd4 {[%clk 01:32:51]} {[%emt 00:00:20]}
O-O {[%clk 01:30:33]} {[%emt 00:00:36]} 10. Rd1 {[%clk 01:32:04]} {[%emt
00:01:17]} Bd7 {[%clk 01:30:46]} {[%emt 00:00:17]} 11. Ne5 {[%clk 01:31:20]}
{[%emt 00:01:13]} Rc8 {[%clk 01:29:45]} {[%emt 00:01:30]} 12. Nxc6 {[%clk
01:31:22]} {[%emt 00:00:29]} Bxc6 {[%clk 01:29:41]} {[%emt 00:00:34]} 13. Nc3
{[%clk 01:31:37]} {[%emt 00:00:15]} Ba4 {[%clk 01:29:10]} {[%emt 00:01:01]} 14.
Qxa4 {[%clk 01:29:25]} {[%emt 00:02:43]} Qb6 {[%clk 01:27:14]} {[%emt
00:02:26]} 15. Nxd5 {[%clk 01:28:08]} {[%emt 00:01:47]} exd5 {[%clk 01:27:34]}
{[%emt 00:00:10]} 16. Be3 {[%clk 01:28:05]} {[%emt 00:00:34]} Qxb2 {[%clk
01:27:29]} {[%emt 00:00:35]} 17. Bf3 {[%clk 01:28:30]} {[%emt 00:00:04]} Qb6
{[%clk 01:27:14]} {[%emt 00:00:45]} 18. Rab1 {[%clk 01:28:41]} {[%emt
00:00:19]} Qc6 {[%clk 01:27:18]} {[%emt 00:00:25]} 19. Qxa7 {[%clk 01:27:12]}
{[%emt 00:01:59]} Rc7 {[%clk 01:26:35]} {[%emt 00:01:13]} 20. h3 {[%clk
01:26:47]} {[%emt 00:00:55]} b5 {[%clk 01:26:39]} {[%emt 00:00:27]} 21. Qa5
{[%clk 01:26:46]} {[%emt 00:00:31]} Rb7 {[%clk 01:25:29]} {[%emt 00:01:40]} 22.
Rdc1 {[%clk 01:20:26]} {[%emt 00:06:50]} Qd7 {[%clk 01:25:17]} {[%emt
00:00:42]} 23. a4 {[%clk 01:14:43]} {[%emt 00:06:14]} b4 {[%clk 01:25:06]}
{[%emt 00:00:40]} 24. Qxd5 {[%clk 01:13:39]} {[%emt 00:01:33]} Qxd5 {[%clk
01:25:17]} {[%emt 00:00:21]} 25. Bxd5 {[%clk 01:14:03]} {[%emt 00:00:06]} Rd7
{[%clk 01:24:58]} {[%emt 00:00:45]} 26. Bc6 {[%clk 01:14:03]} {[%emt 00:00:34]}
Rd6 {[%clk 01:25:14]} {[%emt 00:00:14]} 27. d5 {[%clk 01:14:27]} {[%emt
00:00:06]} Rg6 {[%clk 01:24:56]} {[%emt 00:00:42]} 28. Bc5 {[%clk 01:14:40]}
{[%emt 00:00:23]} Bxc5 {[%clk 01:24:56]} {[%emt 00:00:31]} 1-0